00483nam a2200157Ia 4500008004100000020001800041050002500059100001600084245007400100260005000174300002900224500002000253521000900273650002600282650001700308140429s9999 xx 000 0 und d a9780470713822 aHD 69.C6b.N331 2008 aNelson, Bob aConsulting for dummies /cBob Nelson, Peter Economy and Philip Albon. aNew Jersey :bJohn Wiley & Sons Inc.,cc2009. a359 p. :bill. ;c24 cm. aIncludes index. aBSBA aBusiness consultants. aConsultants.